| 000 | 00701nam a2200205Ia 4500 | ||
|---|---|---|---|
| 001 | 15142 | ||
| 003 | GE_BSU | ||
| 008 | 181216s||||||||xx |||||||||||||| ||und|| | ||
| 040 | _cGE_BSU | ||
| 080 | _a821.353.1-32 | ||
| 100 | _aყაზბეგი, ალექსანდრე | ||
| 245 | _aხევისბერი გოჩა | ||
| 245 | _cრედ.ე.გოგოლაშვილი. მხატვ.ვ.ტოროტაძე და გ. გულისაშვილი | ||
| 260 | _aთბილისი | ||
| 260 | _bსახელგამი | ||
| 260 | _c1953 | ||
| 300 | _a82გვ.ილ.17სმ. | ||
| 653 | _aხევისბერი გოჩა | ||
| 942 | _cBK | ||
| 999 |
_c48258 _d48258 |
||